000 01740nam a2200241Ia 4500
008 260220t9999||||xx |||||||||||||| ||spa||
040 _aPY-SlUNAC
_bspa
_erda
041 _aspa
082 _a515.43
_bR635v
100 _aRogosinski, W.W.
_eAutor
245 0 _aVolumen e integral /
_cpor W.W. Rogosinski [Autor]
264 _aMadrid :
_bDossat,
_c[Fecha de publicación no identificada].
300 _a1 volumen
520 _aEl libro "Volumen e integral" de W.W. Rogosinski aborda de manera rigurosa y accesible los conceptos fundamentales del cálculo integral y su aplicación en la determinación de volúmenes de cuerpos tridimensionales. A través de una exposición clara, el autor introduce a los lectores en las técnicas de integración, tanto definidas como indefinidas, y su relación con la geometría. El texto incluye ejemplos prácticos que ilustran la relevancia de estas herramientas matemáticas en diversas disciplinas, tales como la física y la ingeniería. Rogosinski también discute teoremas clave, como el teorema de Fubini, y presenta métodos para resolver problemas complejos, enfatizando la importancia del pensamiento crítico y analítico. Con ejercicios al final de cada capítulo, se fomenta la práctica y la aplicación de los conceptos aprendidos. En conjunto, "Volumen e integral" se convierte en un recurso esencial para estudiantes y profesionales que buscan profundizar en el análisis matemático y sus aplicaciones en el mundo real.
653 _aAnálisis matemático
653 _aCálculo
653 _aMatemáticas
942 _b2026/02/17
_cBK
999 _c7582
_d7582